Strokes : (Record no. 608465)

MARC details
000 -LEADER
fixed length control field 00473nam a2200193 a 4500
008 - FIXED-LENGTH DATA ELEMENTS--GENERAL INFORMATION
fixed length control field 260117s2003##################000#0#eng##
020 ## - INTERNATIONAL STANDARD BOOK NUMBER
ISBN 9780130488497
082 04 - DEWEY DECIMAL CLASSIFICATION NUMBER
Classification number 618.81
Item number BOW
100 1# - MAIN ENTRY--AUTHOR NAME
Personal name Bowman, James Philip,
245 10 - TITLE STATEMENT
Title Strokes :
260 ## - PUBLICATION, DISTRIBUTION, ETC. (IMPRINT)
Name of publisher Pearson,
Year of publication 2003.
300 ## - PHYSICAL DESCRIPTION
Number of Pages 164 pages
650 #0 - SUBJECT ADDED ENTRY--TOPICAL TERM
Topical Term Medical.
942 ## - ADDED ENTRY ELEMENTS (KOHA)
Koha item type English Books
Holdings
Withdrawn status Lost status Damaged status Not for loan Home library Current library Shelving location Date acquired Full call number Accession Number Price effective from Koha item type
        Anna Centenary Library Anna Centenary Library 5TH FLOOR, B WING 17.01.2026 618.81 BOW 314210 17.01.2026 English Books

Find us on the map